Statistics for Countries of the World - with a map but no incentives

Click here to take the quiz!

General Stats

  • This quiz has been taken 228 times
  • The average score is 175 of 196

Answer Stats

% Correct
97%
94%
94%
94%
93%
93%
93%
93%
93%
93%
93%
93%
93%
93%
93%
93%
93%
92%
92%
92%
92%
92%
92%
92%
92%
92%
92%
92%
92%
92%
92%
92%
92%
91%
91%
91%
91%
91%
91%
91%
91%
91%
91%
91%
91%
91%
91%
91%
91%
91%
91%
91%
91%
91%
91%
91%
91%
91%
91%
91%
91%
91%
91%
91%
90%
90%
90%
90%
90%
90%
90%
90%
90%
90%
90%
90%
90%
90%
90%
90%
90%
90%
90%
90%
90%
90%
90%
90%
90%
90%
90%
90%
90%
90%
90%
90%
90%
90%
90%
90%
90%
89%
89%
89%
89%
89%
89%
89%
89%
89%
89%
89%
89%
89%
89%
89%
89%
89%
89%
89%
89%
89%
89%
89%
89%
88%
88%
88%
88%
88%
88%
88%
88%
88%
88%
88%
88%
88%
88%
88%
88%
88%
88%
88%
88%
88%
88%
88%
87%
87%
87%
87%
87%
87%
87%
87%
87%
86%
86%
86%
86%
86%
86%
86%
86%
86%
86%
86%
86%
86%
86%
86%
86%
86%
86%
86%
86%
86%
86%
86%
86%
86%
85%
85%
85%
85%
85%
85%
85%
85%
84%
84%
84%
84%
83%
82%

Score Distribution

Percentile by Number Answered

Percent of People with Each Score

Your Score History

You have not taken this quiz